| 000 | 01292nam0a22002891 4500 | ||
|---|---|---|---|
| 001 | rc\690055 | ||
| 005 | 20031121170211.9 | ||
| 035 | _a(NLR Aleph) 005926777 | ||
| 090 |
_a6535533 _c6535533 |
||
| 100 | _a20031121d1985 u |0rusy50 ca | ||
| 101 | 0 | _arus | |
| 102 | _aRU | ||
| 105 | _aa ||||||||| | ||
| 200 | 1 |
_aВысококачественные чугуны для отливок _fКандидаты техн. наук Г.Н. Дудик, С.Н. Леках _gПод ред. к. т. н. В.А. Чернякова |
|
| 210 |
_aМ. _cВНИИПИ НПО "Поиск" _d1985 |
||
| 215 |
_a43 с. _cил. _d22 |
||
| 225 | 1 |
_aОбзорная информация _fГос. ком. СССР по делам изобрет. и открытий, ВНИИ пат. информ. _iВажнейшие изобретения года. Серия "Металлургия. Горное дело. Транспорт" |
|
| 300 | _aНа обл. авт. не указаны | ||
| 320 | _aБиблиогр.: с. 39-42 | ||
| 333 | _aДСП. Экз. № 08 | ||
| 700 | 1 |
_aДудик _bГ. П. _gГалина Петровна |
|
| 701 | 1 |
_aЛеках _bС. Н. _gСемен Наумович |
|
| 801 | 0 |
_aRU _bNLR _gpsbo |
|
| 801 | 1 |
_aRU _bELAR _2rusmarc |
|
| 852 |
_aNLR _j86-50К/9552 |
||
| 942 | _cBOOK | ||
| 980 | _aNB | ||